तपस्या/ (Record no. 200886)

MARC details
000 -LEADER
fixed length control field 00768nam a22002057a 4500
005 - DATE AND TIME OF LATEST TRANSACTION
control field 20240219110304.0
010 ## - LCCN (DPL NO)
LC control number HIN-126909
020 ## - INTERNATIONAL STANDARD BOOK NUMBER
International Standard Book Number 9789391559373
Terms of availability 500.00
035 ## - SYSTEM CONTROL NUMBER
System control number HN-99255
037 ## - SOURCE OF ACQUISITION
Source of stock number/acquisition DBAD/PUB
082 ## - DEWEY DECIMAL CLASSIFICATION NUMBER
Classification number
245 ## - TITLE STATEMENT
Title तपस्या/
Statement of responsibility, etc दिनेशमणि त्रिपाठी द्वारा सम्पादित
250 ## - EDITION STATEMENT
Edition statement 1
260 ## - PUBLICATION, DISTRIBUTION, ETC. (IMPRINT)
Place of publication, distribution, etc दिल्ली
Name of publisher, distributor, etc कौशिक पब्लिशिंग हाउस
Date of publication, distribution, etc 2021
270 ## - ADDRESS
Address ए-49 गली न. 6 जगतपूरी एक्सटेंशन
City दिल्ली
Postal code 110093
300 ## - PHYSICAL DESCRIPTION
Extent 150 पृष्ठ;
Dimensions 22 सेमी (सजिल्द)
700 ## - ADDED ENTRY--PERSONAL NAME
9 (RLIN) 62232
700 ## - ADDED ENTRY--PERSONAL NAME
9 (RLIN) 62233
942 ## - ADDED ENTRY ELEMENTS (KOHA)
Item type Hindi Books
Source of classification or shelving scheme Dewey Decimal Classification
Classification part
Call number suffix तपस्या
Holdings
Withdrawn status Lost status Not for loan Collection code Home library Current library Date acquired Source of acquisition Cost, normal purchase price Full call number Barcode Copy number Cost, replacement price Koha item type
      Fiction Sarojini Nagar Sarojini Nagar 19/02/2024 DBAD/PUB 500.00 क तपस्या HN-99255 1 500.00 Hindi Books

© Delhi Public Library
Hit Counter
free hit counter